Normal view
MARC view
- النظم الشفوي في شعر ما قبل الاسلام-الشعرالجاهلي-الشعر
Entry Topical Term
001 - CONTROL NUMBER
- control field: 18087
003 - CONTROL NUMBER IDENTIFIER
- control field: JO-AjAnu
005 - DATE AND TIME OF LATEST TRANSACTION
- control field: 20230606073201.0
008 - FIXED-LENGTH DATA ELEMENTS
- fixed length control field: 230606|| aca||aabn | a|a d
040 ## - CATALOGING SOURCE
- Original cataloging agency: JO-AjAnu
- Transcribing agency: JO-AjAnu
150 ## - HEADING--TOPICAL TERM
- Topical term or geographic name entry element: النظم الشفوي في شعر ما قبل الاسلام-الشعرالجاهلي-الشعر
670 ## - SOURCE DATA FOUND
- Source citation: Work cat.: (JO-AjAnu)9286: مونرو،جيمس؛ترجمه : ابراهيم السنجلاوي؛يوسف الطراونة, author 18086, النظم الشفوي في شعر ما قبل الاسلام: مشكلة الموثوقية